000 01438nam a2200265Ia 4500
999 _c56554
_d56554
001 23668
003 GE_BSU
005 20191029161224.0
008 181216s2018|||| |||||||||||||| ||geo||
020 _a9789941476297
041 _ageo
080 _a338(479.22)+316 მ-62
100 _aმექვაბიშვილი, ელგუჯა
_93222
245 _aგლობალიზაციის ეპოქის ფინანსური კრიზისები და საქართველოს ეკონომიკა /
_cელგუჯა მექვაბიშვილი ; რედ : თ. ბერიძე.
264 _aთბილისი :
_bინტელექტი,
_c2018.
300 _a287 გვ.:
_c21 სმ.
504 _aბიბლიოგრ. გვ. 277-287
520 _aპარალ. სათ. და სარჩევი ინგლ. ენ. რეზ. ინგლ.
541 _h17ლ. 40თ.
653 _aგლობალიზაციის ეპოქის ფინანსური კრიზისები და საქართველოს ეკონომიკა
653 _aფინანსური კრიზისები, კვლევა, მიზეზები.
653 _aეკონომიკა
700 _aბერიძე , თ
_eრედაქტორი
_95083
942 _cBK
_2udc